000 01094nam a2200313 i 4500
003 DO-SdBNP
005 20250812111004.0
007 ta
008 250812b2025 dr ||||| |||| 00| 0 spa d
020 _a9688124035770
040 _aDO-SdBNP
_bspa
_cBNPHU
_erda
041 _aspa
082 4 _axxx
_bN964m
_222
100 _aNúñez, Charlie,
_eautor
_4aut.
_988485
245 1 0 _aMi visión sobre tópicos recientes dominicanos /
_cCharlie Núñez ; revisión y corrección, Mario Díaz, Ramón Arias ; prólogo, Orión Mejía
250 _aPrimera edición
264 _aSanto Domingo :
_bEditora Centenario,
_c2025.
300 _a303 páginas ;
_c23 cm.
336 _atexto
_btxt
_2rdacontent
337 _asin mediación
_bn
_2rdamedia
338 _avolumen
_bnc
_2rdacarrier
500 _aIncluye datos biográficos del autor en las solapas
590 _aInventariado, 2025/BT
700 1 _aDíaz, Mario,
_ecorrector
_4corr.
_926053
700 1 _aArias, Ramón,
_ecorrector
_4corr.
_988486
700 1 _aMejía, Orión,
_eprologuista
_4pr.
_988487
910 _aBtavárez
942 _2ddc
_cLBS1
999 _c59770
_d59770